|
|
|
|
| LEADER |
000000000a22000000004500 |
| 001 |
011714 |
| 020 |
|
|
|a 086091402X
|
| 041 |
0 |
|
|a eng
|
| 082 |
0 |
4 |
|a 331.09
|b W555w
|
| 100 |
1 |
|
|a Clarke, Simon
|
| 100 |
1 |
|
|a Fairbrother, Peter
|
| 100 |
1 |
|
|a Burawoy, Michael
|
| 100 |
1 |
|
|a Krotov, Pavel
|
| 245 |
1 |
0 |
|a What about the workers? /
|c Simon Clarke, Peter Fairbrother, Michael Burawoy, Pavel Krotov.
|
| 260 |
|
1 |
|a New York :
|b Verso,
|c 1993.
|
| 300 |
|
|
|a 248 páginas
|
| 650 |
|
4 |
|a MOVIMIENTOS LABORALES RUSIA
|
| 650 |
|
4 |
|a CLASE TRABAJADORA RUSIA
|
| 650 |
|
4 |
|a UNIONES LABORALES RUSIA
|
| 650 |
|
4 |
|a PRIVATIZACION
|
| 650 |
|
4 |
|a RUSIA FEDERACION ECONOMIA POLITICA 1991
|
| 999 |
|
|
|c 17749
|d 17749
|
| 942 |
|
|
|c BK
|h 331.09 W555w
|2 z
|